Statistics for US Counties by Population Density

Click here to take the quiz!

General Stats

  • This quiz has been taken 487 times
  • The average score is 14 of 25

Answer Stats

pop/sqmiStateCounty% Correct
71,672NYNew York
87%
21,333NYQueens
85%
34,242NYBronx
82%
5,551ILCook
78%
36,732NYKings
76%
18,187CASan Francisco
76%
3,968WIMilwaukee
74%
11,635PAPhiladelphia
72%
4,339CODenver
62%
2,885TXDallas
59%
3,977CAOrange
59%
4,007NJBergen
57%
13,229MASuffolk
57%
8,819VAArlington
54%
3,023VAFairfax
54%
4,767NYNassau
54%
8,160NYRichmond
54%
2,884MIWayne
50%
6,405NJEssex
48%
2,852ILDuPage
42%
14,486NJHudson
42%
3,424FLPinellas
35%
3,060PADelaware
33%
5,376NJUnion
30%
3,504MNRamsey
29%

Score Distribution

Percentile by Number Answered

Percent of People with Each Score

Your Score History

You have not taken this quiz